000 00861nam a2200229 a 4500
001 47106
003 BD-RjUL
005 20211209054248.0
008 160807s1980 bg ||||| |||| 00| 0 ben d
035 _a(BD-RjUL)47225
040 _aBD-RjUL
_bben
_cBD-RjUL
041 _aben
082 _223
_aB 297.273
_bYUI V-1 1980
100 _aইউসুফুদ্দীন, মুহাম্মদ.
_9143454
245 _aইসলামের অর্থনৈতিক মতাদর্শ /
_cইউসুফুদ্দীন মুহাম্মদ.
260 _aঢাকা :
_bইসলামিক ফাউন্ডেশন,
_c১৯৮০.
300 _aখণ্ড;
_c২১ সেমি.
505 _aখণ্ড. ১--
650 _aইসলাম
_xঅর্থনীতি
_9143433
650 _aIslam
_xEconomics
_9143434
942 _2ddc
_cBK
999 _c47106
_d47106